| 000 | 01392nam a2200289 a 4500 | ||
|---|---|---|---|
| 001 | 40075 | ||
| 003 | BD-RjUL | ||
| 005 | 20211209053130.0 | ||
| 008 | 160421s1993 bg ||||| |||| 00| 0 ben d | ||
| 020 |
_a9840600893 _c: TK 210.00 |
||
| 020 |
_a9840600257 (V-2) _c: Tk. 175.00 |
||
| 020 |
_a9840600648 (V-3) _c: TK 180.00 |
||
| 020 |
_a9840610512 (V-6) _c: TK 160.00 |
||
| 020 |
_a9840601059 (V-1) _c: TK 210.00 |
||
| 035 | _a(BD-RjUL)40190 | ||
| 040 |
_aBD-RjUL _bben _cBD-RjUL _dBD-RjUL |
||
| 041 | _aben | ||
| 082 |
_223 _a297.1227 _bRAT 1993 |
||
| 100 |
_aরহমাতুল্লাহিআলায়হি, আবূ জা'ফর মুহাম্মদ ইবন জারীর তাবারী _9123404 |
||
| 245 | 1 | 0 |
_aতাফসীরে তাবারী শরীফ / _c আবূ জা'ফর মুহাম্মদ ইবন জারীর তাবারী রহমাতুল্লাহিআলায়হি |
| 260 |
_aঢাকা : _bইসলামিক ফাউন্ডেশন, _c১৯৯১, ১৯৯২, ১৯৯৩, ১৯৯৪, ১৯৯৬ |
||
| 300 |
_aখণ্ড ; _c২২ সেমি |
||
| 505 | _aখণ্ড ১ -- খণ্ড ২ -- খণ্ড ৩ -- খণ্ড ৪ -- খণ্ড ৫ -- খণ্ড ৬ -- | ||
| 650 |
_aকোরআন _9119427 |
||
| 650 |
_aQuran _9119428 |
||
| 942 |
_2ddc _cBK |
||
| 999 |
_c40075 _d40075 |
||